| 000 -CABECERA |
| campo de control de longitud fija |
00959nam a2200253 a 4500 |
| 001 - NÚMERO DE CONTROL |
| campo de control |
000085100 |
| 005 - FECHA Y HORA DE LA ÚLTIMA TRANSACCIÓN |
| campo de control |
20200120224857.0 |
| 008 - DATOS DE LONGITUD FIJA--INFORMACIÓN GENERAL |
| campo de control de longitud fija |
180626s2013 ck ab gr| |000|||spa d |
| 020 ## - NÚMERO INTERNACIONAL ESTÁNDAR DEL LIBRO |
| Número Internacional Estándar del Libro |
9789587492026 |
| 082 04 - NÚMERO DE LA CLASIFICACIÓN DECIMAL DEWEY |
| Número de clasificación |
327.11 |
| Número de documento/Ítem |
R67en |
| Número de edición |
21 |
| 100 1# - ENTRADA PRINCIPAL--NOMBRE DE PERSONA |
| Nombre de persona |
Rosanía, Néstor. |
| 110 2# - ENTRADA PRINCIPAL--NOMBRE DE ENTIDAD CORPORATIVA |
| Nombre de entidad corporativa o nombre de jurisdicción como elemento de entrada |
CESDAI |
| 245 10 - MENCIÓN DE TÍTULO |
| Título |
La encrucijada de la política exterior y el terrorismo : |
| Resto del título |
análisis coyunturales sobre la política latinoamericana, Medio Oriente y terrorismo / |
| Mención de responsabilidad, etc. |
CESDAI ; Néstor Rosanía, editor. |
| 260 ## - PUBLICACIÓN, DISTRIBUCIÓN, ETC. |
| Lugar de publicación, distribución, etc. |
Bogotá. : |
| Nombre del editor, distribuidor, etc. |
Grupo Editorial Ibañez, |
| Fecha de publicación, distribución, etc. |
2013. |
| 300 ## - DESCRIPCIÓN FÍSICA |
| Extensión |
238 página. : |
| Otras características físicas |
ilustraciones, gráficos, mapas |
| Material acompañante/anejo |
24 cm |
| 500 ## - NOTA GENERAL |
| Nota general |
Incluye índice |
| 502 ## - NOTA DE TESIS |
| Nota de tesis |
Tesis |
| 504 ## - NOTA DE BIBLIOGRAFÍA, ETC. |
| Nota de bibliografía, etc. |
Referencias bibliográficas : p. |
| 506 0# - NOTA DE RESTRICCIONES AL ACCESO |
| Limitaciones de acceso |
General |
| 650 14 - PUNTO DE ACCESO ADICIONAL DE MATERIA--TÉRMINO DE MATERIA |
| Término de materia o nombre geográfico como elemento de entrada |
politica exterior |
| Subdivisión geográfica |
América del Sur |
| 650 24 - PUNTO DE ACCESO ADICIONAL DE MATERIA--TÉRMINO DE MATERIA |
| Término de materia o nombre geográfico como elemento de entrada |
Terrorismo |
| Subdivisión geográfica |
América del Sur |
| 700 1# - PUNTO DE ACCESO ADICIONAL--NOMBRE DE PERSONA |
| Nombre de persona |
Rosanía, Néstor |
| Término indicativo de función/relación |
editor |
| 710 2# - PUNTO DE ACCESO ADICIONAL--NOMBRE DE ENTIDAD CORPORATIVA |
| Nombre de entidad corporativa o nombre de jurisdicción como elemento de entrada |
Centro de Estudio en Seguridad, Defensa y Asuntos Internacionales |